Taiwanese Pilgrimage to China : (Record no. 611529)

MARC details
000 -LEADER
fixed length control field 00486nam a2200181 a 4500
008 - FIXED-LENGTH DATA ELEMENTS--GENERAL INFORMATION
fixed length control field 260210s2010##################000#0#eng##
020 ## - INTERNATIONAL STANDARD BOOK NUMBER
ISBN 9780230616035
082 04 - DEWEY DECIMAL CLASSIFICATION NUMBER
Classification number 306.498190951
Item number HAT
100 1# - MAIN ENTRY--AUTHOR NAME
Personal name Hatfield, D.,
245 10 - TITLE STATEMENT
Title Taiwanese Pilgrimage to China :
260 ## - PUBLICATION, DISTRIBUTION, ETC. (IMPRINT)
Name of publisher Palgrave Macmillan,
Year of publication 2010.
650 #0 - SUBJECT ADDED ENTRY--TOPICAL TERM
Topical Term Social Science.
942 ## - ADDED ENTRY ELEMENTS (KOHA)
Koha item type English Books
Holdings
Withdrawn status Lost status Damaged status Not for loan Home library Current library Shelving location Date acquired Full call number Accession Number Price effective from Koha item type
        Anna Centenary Library Anna Centenary Library 3RD FLOOR, B WING 10.02.2026 306.498190951 HAT 306854 10.02.2026 English Books

Find us on the map